000 00640nam a2200193 a 4500
005 20140412111227.0
008 020415s19uu xx 00 eng d
020 _a0-15-330083-3
050 _aTR(GS 428.6
_bC898 1989
100 _aCullinan, Bernice E.
245 _aNew friends, Mortimer frog, and Mr. Fig :
_bcombined study book (reading activities) /
_cBernice E. Cullinan, et al.
250 _aTeachers Ed.
260 _aOrlando :
_bHarcourt Brace Jovanovich, Publishers,
_c1989.
300 _a46 p. ; ill.
440 _aHBJ Reading Program
500 _aIncludes index
650 _aReading
_xStudy and Teaching
999 _c102068
_d102068